000 00545nam a22002177a 4500
003 OSt
005 20260421155443.0
008 260421b |||||||| |||| 00| 0 eng d
020 _a978-93-7098-065-5
040 _cSBCL
082 _a894.8123
_bMAN-A
100 _aMantri, Ravi
245 _aAmma Premalu
250 _a3rd
260 _aDC Kizhakemuri Edam
_bDC Books
_c2026
300 _a224p.
630 _xLiterature
650 _aLiteratures of other languages
650 _aAltaic, Uralic, Hyperborean & Dravidian
942 _cBOOK
999 _c137999
_d137999